Яссы / (Record no. 233893)
[ view plain ]
| 000 -LEADER | |
|---|---|
| fixed length control field | 00612nam a2200193 u 4500 |
| 001 - CONTROL NUMBER | |
| control field | 000650955 |
| 003 - CONTROL NUMBER IDENTIFIER | |
| control field | AM-YeHGA |
| 005 - DATE AND TIME OF LATEST TRANSACTION | |
| control field | 20250617141204.0 |
| 008 - FIXED-LENGTH DATA ELEMENTS--GENERAL INFORMATION | |
| fixed length control field | 090415s1962 ||| r 000 0 rus d |
| 040 ## - CATALOGING SOURCE | |
| Original cataloging agency | AM-YeHGA |
| 041 0# - LANGUAGE CODE | |
| Language code of text/sound track or separate title | rus |
| 090 ## - LOCALLY ASSIGNED LC-TYPE CALL NUMBER (OCLC); LOCAL CALL NUMBER (RLIN) | |
| -- | 235453 |
| 245 00 - TITLE STATEMENT | |
| Title | Яссы / |
| Statement of responsibility, etc. | Предисл. И. Истрати. |
| 260 ## - PUBLICATION, DISTRIBUTION, ETC. | |
| Place of publication, distribution, etc. | Бухарест : |
| Name of publisher, distributor, etc. | Меридианы, |
| Date of publication, distribution, etc. | 1962. |
| 300 ## - PHYSICAL DESCRIPTION | |
| Extent | 32 с. : |
| Other physical details | [21] л. ил. |
| 440 #0 - SERIES STATEMENT/ADDED ENTRY--TITLE | |
| Title | Города и пейзажи Румынии |
| 653 0# - INDEX TERM--UNCONTROLLED | |
| Uncontrolled term | Румыния - Яссы - город - Путеводители |
| 700 1# - ADDED ENTRY--PERSONAL NAME | |
| Personal name | Истрати, И. |
| Relator term | авт. |
| Relationship | aui |
| Withdrawn status | Lost status | Source of classification or shelving scheme | Damaged status | Not for loan | Collection | Home library | Current library | Date acquired | Cost, normal purchase price | Total checkouts | Full call number | Barcode | Date last seen | Price effective from | Koha item type | Public note |
|---|---|---|---|---|---|---|---|---|---|---|---|---|---|---|---|---|
| Universal Decimal Classification | General | Fundamental Scientific Library | Fundamental Scientific Library | 29/12/2016 | 2.00 | PI/8647 | FL0107761 | 29/12/2016 | 29/12/2016 | Գրքեր / Books | 30 Days Loan |
ՀՀ Գիտությունների ազգային ակադեմիայի հիմնարար գիտական գրադարան = Fundamental Scientific Library of NAS RA
All site content, except where otherwise noted, is licensed under a